000 00947nam a22002897a 4500
003 OSt
005 20260326100002.0
008 260326b |||||||| |||| 00| 0 eng d
010 _a2009932311
020 _a9781416994633
020 _a9781416999263 (ebook)
040 _cSIMON PULSE
041 _aeng
050 _aPZ 7 .D171 1942
_b .D171 1942
100 _aDaly, Maureen,
245 _aSeventeenth Summer /
_cMaureen Daly.
250 _aSimon Pulse edition.
260 _aNew York, NY :
_bSimon Pulse,
_c1942.
300 _a340 pages ;
_c21cm
500 _aOriginally published 1942.
520 _a A coming‑of‑age novel about seventeen‑year‑old Angie Morrow, spending her last summer before college falling in love in Wisconsin.
650 _aTeenage girls
_vFiction
650 _aFirst loves
_vFiction
650 _aComing‑of‑age fiction.
655 _2lcgft
_aYoung adult fiction.
942 _2lcc
_cBK
_e1st ed.
_n0
999 _c10007
_d10007